000
00269nam a22001217a 4500
008
190129b xxu||||| |||| 00| 0 eng d
041
_a
eng
080
_a
510
100
_a
36
101
_a
MAT
245
_a
Mathematical Methods in Science
_c
Polya,G
942
_2
udc
_c
BK
999
_c
53822
_d
53822